000 00844nac a22002537a 4500
001 BR6006912
003 BR-BrBNA
005 20240105113200.0
008 230509b bl.|||m| |||| 00| 0 por d
040 _aBR-BrBNA
_bpor
_cBiblioteca Nacional de Agricultura
072 _aL73
090 _a5212 BR6006912
100 1 _aCorrea, O.
110 1 _aSecretaria de Estado dos Negocios da Agricultura, Industria e Comercio, Porto Alegre, RS (Brasil)
245 1 _aO aborto epizoatico ou mal de Bang [brucelose]
260 3 _aPorto Alegre, RS (Brasil):
_c1938.
300 _a11 p.
490 _aBoletim - Secretaria de Estado dos Negocios da Agricultura, Industria e Comercio (Brazil)
_vno. 64
_x
650 _aBOVINO
650 _aBRUCELOSE
650 _aABORTO
909 _a202312
_bLúcia Elande
_c55
_dLúcia Elande
942 _2AGRIS
_n0
_cMS
999 _c262340
_d262340